Регионална библиотека "Любен Каравелов" - Русе

Руби (Запис номер 474036)

MARC детайли
000 -Лидер
Лидер 01093nam a2200301 a 4500
003 - Код на организацията, давaща контролен номер
Код на организацията, даваща контролен номер BLK
005 - Дата и час на последна редакция
Дата и час на последна редакция 20241012133149.0
008 - Елементи от данни с фиксирана дължина
Елементи с фиксирана дължина 220923b bu |||||r|||| 00| | bu d
020 ## - Международен стандартен номер на книга ISBN
ISBN 9786197539059
040 ## - Източник на каталожния запис
Код на библиотеката BLK
041 ## - Код за език
Език Български
Език за КДБФ Български
080 ## - УДК
УДК текст Българска литература
УДК код 821.163.2
УДК – определител -93-31
УДК – код + определител 821.163.2-93-31
084 ## - Класификационен индекс по друга класификация
Авторски знак Бож - Б 56
100 ## - Редна дума - Автор
R(LIN) 1299
Автор Божикова, Бистра Здравкова
245 ## - Сведения за заглавието
Заглавие Руби
Авторска отговорност Бистра Божикова ; ил. Лусина Терзиян
260 ## - Област на издателските данни
9 (RLIN) 461011
Място на издаване София
Име на издателя Йо-Йо книги за деца
Година на издаване [2022]
Печатница ([София] : Алианс принт)
300 ## - Физическа характеристика
Брой страници 190 с.
Илюстрации с цв. ил.
Размер 26 см
380 ## - Жанр
Жанр Детска худож. лит.
700 ## - Други автори (авторска отговорност)
9 (RLIN) 599
Друг автор Терзиян, Лусина Степан
Авт. отговорност на др. автор ил.
852 ## - Местоположение
Отдел Хранилище
Сигнатура (форматна) Цб ІІ 31180
942 ## - АРТИКУЛИ
Вид на библиотечния документ Книги
Скрит в OPAC Не
Периодичен библиозапис Не
Koha issues (borrowed), all copies 2
944 ## - СЪЗДАВАНЕ И РЕДАКЦИЯ на ЗАПИСА
Създаване/Редакция Създаване
Дата на регистрацията/редакция 2022-09-23
Служител, извършил регистрацията/редакцията 30551
Номер на служител Бояна Костадинова
999 ## - СИСТЕМНИ КОНТРОЛНИ НОМЕРА
Koha biblionumber 474036
Koha biblioitemnumber 474036
999 ## - СИСТЕМНИ КОНТРОЛНИ НОМЕРА
Koha biblioitemnumber 474036
999 ## - СИСТЕМНИ КОНТРОЛНИ НОМЕРА
Koha biblioitemnumber 474036
999 ## - СИСТЕМНИ КОНТРОЛНИ НОМЕРА
Koha biblioitemnumber 474036
999 ## - СИСТЕМНИ КОНТРОЛНИ НОМЕРА
Koha biblioitemnumber 474036
Наличности
Код за отписване Код за изгубен артикул Източник на класификационната схема Код за повреда Коз за рестрикции Код за отдаване Артикулен № Име на библиотеката - собственик Име на библиотеката, в която се намира в момента Статус (Текущо местоположение) Дата на вписване в системата Местоположение - отдел Цена в лева Систематично азбучна сигнатура Баркод Цена в евро Служебен тип на артикула Инвентарен номер
  Не е изгубен Universal Decimal Classification Не е повреден само за читалня ползва се в читалня 905262 Регионална библиотека "Любен Каравелов" Русе Регионална библиотека "Любен Каравелов" Русе Хранилище 2022-09-26 Хранилище 36.00 Цб ІІ 31180 120000877246 18.41 Книги  
  Не е изгубен Universal Decimal Classification Не е повреден   заемане за дома 941717 Регионална библиотека "Любен Каравелов" Русе Регионална библиотека "Любен Каравелов" Русе Детски отдел 2024-03-26 Детски отдел 28.80 821.163.2-93/Б 56 Б 120000900745 14.73 Книги 120000900745
Vip Innovations Ltd, Rousse, Bulgaria 2025